00981nam a22002897a 4500001000700000003000900007005001700016007000300033008003300036020001800069040003000087082002700117100003900144245013800183260000600321264005000327300004500377336002700422337003500449338003000484490002800514650002100542650003000563700003300593700003600626700002900662009925DO-SdBPM20251114123640.0ta160727b2004 it 00| 0 spa d a9788888405186 aDO-SdBPMbspacBPMSUerda 4a853.1 bC937b 20042221 a Croce , Giulio Cesared1550-1620.10aBertoldo /cGiulio Cesre Groce ; traducción Roberto Piumini Nieves Arribas ; ilustración Andrea Rivola ; edición Danilo Manera c  aItalia :bAyuntamiento de San Giovanni,c2004 a63 páginas: :bilustraciones ;c17 cm. atextobtxt2rdacontent asin mediación bn2rdamedia  avolumen bnc2rdacarrier 0 aUn mar de sueños,v15 7a Novela italiana 7aReyes y soberanosvNovela1 aArribas, Nieves,etraductor 1 aRivola, Andrea,eilustración 1 aManera, Danilo,eeditor